| 000 | 01359nam a2200301 c 4500 | ||
|---|---|---|---|
| 003 | BLK | ||
| 005 | 20250726101705.0 | ||
| 008 | 180411b bul|||||r ||||||| ||bul|| | ||
| 020 | _a9789542822127 | ||
| 040 | _aBLK | ||
| 041 |
_aBUL _cBUL |
||
| 080 |
_aРуска литература _b821.161.1 _x-312.9 _z821.161.1-312.9 |
||
| 100 | 1 |
_aГлуховски, Дмитрий Алексеевич _eпърви автор _9300426 |
|
| 139 |
_aГлуховски, Дмитрий Алексеевич _bГ 56 |
||
| 245 | 1 | 0 |
_aМетро 2033 _bРоман _cДмитрий Алексеевич Глуховски; прев. от рус. Васил Константинов Велчев. |
| 250 | _a2. изд. | ||
| 260 |
_bСиела Норма _c2016 _fСофия : Алианс принт _aСофия |
||
| 300 |
_a591 с. _c21 см |
||
| 380 | _aX | ||
| 500 | _aОриг. загл. Метро 2033 / Дмитрий Глуховский. Апокалипсисът на Дмитрий Глуховски / Елена Кондратьева: с. 578-591 1. изд. 2008 | ||
| 700 | 1 |
_aВелчев, Васил Константинов _eпрев. от рус. _9367601 |
|
| 856 | 4 | _qpdf | |
| 856 | 4 | _qpdf | |
| 942 |
_cKNG _n0 _018 |
||
| 944 |
_cДиана Гривева _k30550 _lКети Илиева |
||
| 999 |
_c494960 _d494960 |
||
| 999 | _d494960 | ||
| 999 | _d186069 | ||